Statistiques concernant Les 100 premières Décimales de √2 Sur une échelle de Niveaux

Cliquez ici pour prendre le quiz!

Statistiques générales

  • Ce quiz a été pris 19 fois
  • Le résultat moyen est 27 sur 100

Statistiques - réponses

1, ...% Correct
4
100%
1
89%
4
78%
1
67%
2
67%
2
67%
3
67%
3
67%
5
67%
6
67%
0
56%
0
56%
0
56%
0
56%
1
56%
2
56%
2
56%
3
56%
4
56%
4
56%
5
56%
6
56%
7
56%
7
56%
8
56%
8
56%
8
56%
8
56%
9
56%
0
44%
5
44%
6
44%
6
44%
6
44%
7
44%
8
44%
8
44%
9
44%
9
44%
9
44%
1
33%
7
33%
7
22%
8
22%
0
11%
0
11%
1
11%
1
11%
2
11%
2
11%
3
11%
3
11%
3
11%
3
11%
3
11%
4
11%
4
11%
4
11%
5
11%
5
11%
5
11%
5
11%
6
11%
6
11%
7
11%
7
11%
7
11%
7
11%
7
11%
7
11%
8
11%
8
11%
8
11%
8
11%
9
11%
0
0%
0
0%
0
0%
1
0%
2
0%
2
0%
3
0%
3
0%
3
0%
4
0%
4
0%
6
0%
6
0%
6
0%
7
0%
7
0%
7
0%
7
0%
7
0%
7
0%
7
0%
8
0%
9
0%
9
0%
9
0%

Distribution des résultats

Percentile par nombre de réponses

% des personnes avec chaque résultat

Votre développement - résultats

Vous n’avez pas pris ce quiz